000
00252 a2200109 4500
001
50742
040
_c
Anchieta - Pituba
240
1
0
_a
Keine Panik!
_l
245
1
0
_a
Keine Panik!
650
4
_a
Línguas germânicas (teutônicas) língua alemã
942
_c
MU
999
_c
50742
_d
50742